| 000 | 01073cam a2200133 4500500 | ||
|---|---|---|---|
| 005 | 20251214002629.0 | ||
| 041 | _afre | ||
| 042 | _adc | ||
| 100 | 1 | 0 |
_aHelms, Laure _eauthor |
| 245 | 0 | 0 | _aLe personnage de roman |
| 260 |
_bArmand Colin,
_c2018. |
||
| 520 | _aLe personnage est au cœur de toute réflexion sur le roman : c’est autour de lui que se construit l’intrigue, et c’est également lui qui polarise l’attention du lecteur. Comment le romancier parvient-il à donner consistance à ce « vivant sans entrailles » ? À quelles techniques recourt-il pour créer un « effet-personnage » conduisant le lecteur à s’engager dans sa rencontre avec cet être de fiction ? Quelle a été l’évolution du personnage de roman au cours des siècles ? Cet ouvrage aborde ces questions essentielles sous un angle théorique, stylistique et historique, en s’attachant à dégager les principaux enjeux de l’esthétique du roman. | ||
| 856 | 4 | 1 | _uhttps://shs.cairn.info/le-personnage-de-roman--9782200617714?lang=fr&redirect-ssocas=7080 |
| 999 |
_c1567220 _d1567220 |
||